| 000 | 00820nas a2200289 4500 | ||
|---|---|---|---|
| 001 | BR9802857 | ||
| 003 | BR-BrBNA | ||
| 005 | 20231205100756.0 | ||
| 007 | ta | ||
| 008 | 230509b bl.|||p| |||| 00| 00por d | ||
| 040 |
_aBR-BrBNA _bpor _cBiblioteca Nacional de Agricultura |
||
| 041 | _a(Pt) | ||
| 072 | _aH10 | ||
| 100 | 1 | _aTonet, G.L. | |
| 100 | 1 | _aFiuza, L.M. | |
| 100 | 1 | _aSantana, J. | |
| 100 | 1 | _aSilva, R.F.P. da | |
| 245 | 1 | _aAvaliacao toxicologica de inseticidas para Aphidius spp. (Hymenoptera, Aphidiidae) | |
| 650 | _aTrigo | ||
| 650 | _aAfidio | ||
| 650 | _aPulgao | ||
| 650 | _aInseticida | ||
| 650 | _aParasito | ||
| 773 | 0 |
_tPesquisa Agropecuaria Gaucha (Brazil) _xISSN 0104-9070 _g(1997), v. 3(1) p. 21-24 _wBR9802857 |
|
| 909 |
_a202311 _bLúcia _c55 _dLúcia Elande |
||
| 942 |
_2AGRIS _n0 _cANA |
||
| 999 |
_c158002 _d158002 |
||